Que notre joie demeure (Record no. 4548)

MARC details
000 -CABECERA
campo de control de longitud fija 03463cam a2200241 i 4500
001 - NÚMERO DE CONTROL
campo de control 991025407727607026
003 - IDENTIFICADOR DEL NÚMERO DE CONTROL
campo de control UkOxU
005 - FECHA Y HORA DE LA ÚLTIMA TRANSACCIÓN
campo de control 20250320164941.0
008 - DATOS DE LONGITUD FIJA--INFORMACIÓN GENERAL
campo de control de longitud fija 230623s2023 fr 000 f fre d
020 ## - NÚMERO INTERNACIONAL ESTÁNDAR DEL LIBRO
Número Internacional Estándar del Libro 9782493213310
Información calificativa paperback
035 ## - NÚMERO DE CONTROL DEL SISTEMA
Número de control de sistema (OCoLC)1395543115
035 ## - NÚMERO DE CONTROL DEL SISTEMA
Número de control de sistema (OCoLC)on1395543115
040 ## - FUENTE DE LA CATALOGACIÓN
Centro catalogador/agencia de origen AUXAM
Lengua de catalogación eng
Normas de descripción rda
Centro/agencia transcriptor AUXAM
Centro/agencia modificador QGK
-- QGJ
-- C3L
-- ERASP
-- FUG
-- OCLCO
-- UkOxU
050 #4 - SIGNATURA TOPOGRÁFICA DE LA BIBLIOTECA DEL CONGRESO
Número de clasificación PQ3919.3.L3513
Número de documento/Ítem Q46 2023
100 ## - ENTRADA PRINCIPAL--NOMBRE DE PERSONA
Nombre de persona Lambert, Kevin,
Fechas asociadas al nombre 1992-
Término indicativo de función/relación author.
245 10 - MENCIÓN DE TÍTULO
Título Que notre joie demeure
Mención de responsabilidad, etc. / Kevin Lambert.
264 #1 - PRODUCCIÓN, PUBLICACIÓN, DISTRIBUCIÓN, FABRICACIÓN Y COPYRIGHT
Producción, publicación, distribución, fabricación y copyright Paris :
Nombre del de productor, editor, distribuidor, fabricante Le Nouvel Attila,
Fecha de producción, publicación, distribución, fabricación o copyright [2023]
300 ## - DESCRIPCIÓN FÍSICA
Extensión 358 pages ;
Dimensiones 20 cm
520 ## - SUMARIO, ETC.
Sumario, etc. Architecte millionnaire partie de rien, Céline Wachowski a sa série sur Netflix et des contrats dans le monde entier. Égérie de la modernité, elle est convaincue d’apporter de la beauté au monde.<br/>Mais voilà, son projet le plus ambitieux est stoppé net par une polémique : accusée de favoriser la gentrification, elle voit condamnées sa stratégie et ses méthodes de travail. En quelques jours, elle est renvoyée de sa propre entreprise, et amorce une traversée du désert qui l’amène à une méditation sur la culpabilité.<br/>Quand l’élite perd pied, quel récit conçoit-elle pour justifier ses privilèges et asseoir sa place dans un monde dont elle a elle-même établi les règles ?<br/><br/>« Il faut rester attentifs aux rayons noirs qui parviennent du fond des âges et continuent d’obscurcir notre monde trop blanc, trop clair, Céline sait défendre la nécessité de l’opacité, c’est un réflexe naturel, presque vital chez elle. »<br/><br/>Kevin Lambert a 30 ans, et a grandi à Chicoutimi, au Canada. Titulaire d’un doctorat en création littéraire, très impliqué dans la scène artistique québécoise, il a été libraire et participe aux revues Liberté et Spirale, ainsi qu’à plusieurs émissions de Radio-Canada.<br/>Que notre joie demeure confirme et amplifie la portée de Querelle, qui l’avait révélé au public en 2019 (lauréat du prix Sade, sélections Wepler et Médicis).
520 ## - SUMARIO, ETC.
Sumario, etc. Millionaire Architect Who Started from Nothing, Céline Wachowski, Lands Her Own Netflix Series and Global Contracts. An icon of modernity, she is convinced she brings beauty to the world.<br/><br/>However, her most ambitious project comes to an abrupt halt due to controversy: accused of fuelling gentrification, her strategy and working methods are condemned. Within days, she is ousted from her own company and embarks on a period of downfall, leading her to meditate on guilt.<br/><br/>When the elite loses its footing, what narrative does it construct to justify its privileges and secure its place in a world it has itself shaped?<br/><br/>"We must remain attentive to the dark rays emanating from the depths of time, continuing to obscure our world—too white, too bright. Céline knows how to defend the necessity of opacity; it is a natural, almost vital reflex for her."<br/><br/>Kevin Lambert is 30 years old and grew up in Chicoutimi, Canada. Holding a doctorate in creative writing and deeply involved in Quebec’s artistic scene, he has worked as a bookseller and contributes to Liberté and Spirale magazines, as well as several Radio-Canada programmes.<br/><br/>Que notre joie demeure confirms and amplifies the impact of Querelle, which brought him to public attention in 2019 (winner of the Prix Sade, shortlisted for the Wepler and Médicis prizes).
655 #0 - TÉRMINO DE INDIZACIÓN--GÉNERO/FORMA
Datos o término principal de género/forma French novels
9 (RLIN) 23601
942 ## - ELEMENTOS DE ENTRADA AGREGADA (KOHA)
Fuente del sistema de clasificación o colocación Clasificación de Library of Congress
Holdings
Estado de retiro Estado de pérdida Fuente del sistema de clasificación o colocación Estado dañado No para préstamo Biblioteca de origen Biblioteca actual Fecha de adquisición Total de préstamos Signatura topográfica completa Código de barras Fecha visto por última vez Número de copia Precio válido a partir de Tipo de ítem Koha
    Clasificación de Library of Congress     TBS Barcelona TBS Barcelona 20/03/2025   P-FR LAM B07709 20/03/2025 1 20/03/2025 Book

Powered by Koha